Le Japon

Gorde:
Xehetasun bibliografikoak
Egile nagusia: Landy, Pierre
Formatua: Liburua
Hizkuntza:Undetermined
Argitaratua: Paris Presses Universitaires De France 1970
Gaiak:
Etiketak: Etiketa erantsi
Etiketarik gabe, Izan zaitez lehena erregistro honi etiketa jartzen!
Thư viện lưu trữ: Trung tâm Học liệu Trường Đại học Cần Thơ
LEADER 00464nam a2200181Ia 4500
001 CTU_114362
008 210402s9999 xx 000 0 und d
082 |a 915.2 
082 |b L264 
100 |a Landy, Pierre 
245 0 |a Le Japon 
245 0 |c Pierre Landy 
260 |a Paris 
260 |b Presses Universitaires De France 
260 |c 1970 
650 |a Japan 
650 |x Decription and travel 
980 |a Trung tâm Học liệu Trường Đại học Cần Thơ